| Registos Bibliográficos associados ao registo de autoridade |
|
Etiqueta de registo: 00254nam 2200025 450 001 2280384 003 http://id.bnportugal.gov.pt/bib/catbnp/2280384 100 ## $a20260316d2025 k y0pory01030103ba 101 0# $apor$deng 102 ## $aPT 105 ## $aa m 000yy 106 ## $ar 200 1# $a A gamificação no ensino$eda formação à implementação na sala de aula$fMeiri das Graças Cardoso$gorient. Ana Amélia Costa da Conceição Amorim Soares de Carvalho 210 #9 $aCoimbra$c[s.n.],$d2025 215 ## $aXIX, 207 p.$cil. $d30 cm 328 #1 $aTese dout. Ciências da Educação (Organização do Ensino, Aprendizagem e Formação de
Professores), Faculdade de Psicologia e Ciências da Educação da Universidade de Coimbra,
2025 675 ## $a371.13(043)$vBN$zpor$31996193 675 ## $a004.78(043)$vBN$zpor$31270158 675 ## $a373.3(043)$vBN$zpor$31402487 675 ## $a51(043)$vBN$zpor$3323829 700 #1 $aCardoso,$bMeiri das Graças$31991458 702 #1 $aCarvalho,$bAna Amélia Amorim$4727$3918036 801 #0 $aPT$bBN$gRPC 966 ## $lBN$mFGMON$sS.C. 168983 V.$x1 971 ## $cisantos$d20260316 972 ## $e0$z0$d20260423$vlrevez 973 ## $csteixeira$d20260417
|
|
|